000 01185nam0a2200313 4500
001 RU\NLR\bibl\469534
005 20250630111418.0
010 _a5-89164-088-0
_97000
035 _a(NLR Aleph) 000462802
090 _a944629
_c944629
100 _a20031206d2002 |||y0rusy50 ca
101 0 _arus
102 _aRU
105 _aa |||||||||
200 1 _aЮвелирное искусство России
_e[Рассказ о 1000-летней истории ювелир. дела
_fТ.И. Сизова, Г.Г. Смородинова, М.Н. Лопото и др.]
210 _aМ.
_cИнтербук-бизнес
_d2002
215 _a277,[2] c.
_cцв. ил.
_d35
300 _aАвт. указаны на обороте тит. л.
309 _aВложена в коробку
606 0 _aЮвелирное искусство русское
_91986502
_3RU\NLR\auth\661197399
686 _aЩ125.444.3(2Р=Рус)
701 1 _aСизова
_bТ. И.
_4070
701 1 _aСмородинова
_bГ. Г.
_4070
701 1 _aЛопото
_bМ. Н.
_4070
801 0 _aRU
_bNLR
_c20031206
_gPSBO
801 1 _aRU
_bNLR
_c20031206
942 _cBOOK
980 _aNB